| 000 | 00698nam a2200193 i 4500 | ||
|---|---|---|---|
| 001 | 88035 | ||
| 003 | ES-MaACL | ||
| 005 | 20231227062549.0 | ||
| 007 | t| | ||
| 008 | 050103s1901 sp ||||1| spa d | ||
| 100 | 1 |
_aLabra, Rafael M. de, _d1840-1918 _969273 |
|
| 245 | 1 | 3 |
_aEl Congreso Hispano-Americano de 1900 _b: discurso pronunciado en la inauguración de este Congreso en Madrid / _c[Rafael María de Labra]. |
| 260 |
_aMadrid : _b[s.n., _c1901] ( _fTip. de Alfredo Alonso) |
||
| 300 |
_a98 p. ; _c21 cm. |
||
| 711 | 2 |
_aCongreso social y Económico Hispanoamericano ( _d1900. _cMadrid) _9154905 |
|
| 852 |
_aES-MaACL _jFol-Laf-244 |
||
| 852 |
_aES-MaACL _jT-979-F-4 |
||
| 999 |
_c88035 _d88035 |
||